| 000 | 00968nam a22002057a 4500 | ||
|---|---|---|---|
| 999 |
_c65149 _d65149 |
||
| 005 | 20240530110809.0 | ||
| 008 | 190115s2007 ua a f 000 0 ara d | ||
| 017 | _bمصر. دار الكتب | ||
| 040 |
_aEG-CaGPL _cEG-CaGPL |
||
| 082 | 0 | 4 |
_221 _a786.2 / _bهـ د |
| 100 | 0 | _aهناء فؤاد على عبدالرحمن | |
| 245 | 1 | 0 |
_aدراسة مقارنة لتقنيات الاداء على الة البيانو من خلال مؤلفات بوزونى وشوستاكوفيتش ومدى الاستفادة منها للطالب المبتدئ / _cهناء فؤاد على عبدالرحمن ؛ اشراف فاطمة محمد البهنساوى ، ابراهيم على ابراهيم ، نهير محمد عبدالقادر |
| 250 | _aط.1 | ||
| 260 |
_aالقاهرة : _c2008. |
||
| 300 |
_a221 ص. : _bايض ؛ _c24 سم. |
||
| 650 | 0 | 7 |
_2qrmak _aالبيانو |
| 651 | _2qrmak | ||
| 942 |
_2ddc _cBK |
||